[Event "Werther Schloss op-C 12th"]
[Site "Werther"]
[Date "2006.04.07"]
[Round "1"]
[White "Jeremias, Damaim Luis"]
[Black "Wiedermann, Uwe"]
[Result "0-1"]
[WhiteElo "1510"]
[BlackElo "1616"]
[PlyCount "96"]
[EventDate "2006.04.07"]
[EventType "swiss"]
[EventRounds "5"]
[EventCountry "GER"]
[SourceTitle "EXT 2008"]
[Source "ChessBase"]
[SourceDate "2007.11.25"]
[SourceVersion "1"]
[SourceVersionDate "2007.11.25"]
[SourceQuality "1"]

1. d4 d5 2. c4 e5 3. dxe5 d4 4. Nf3 Nc6 5. a3 Bg4 6. Qb3 Na5 7. Qd3 Nc6 8. Bf4 Nge7 9. Nbd2 Ng6 10. Bg3 Be7 11. e3 dxe3 12. Qxe3 0-0 13. h3 Be6 14. Be2 Qc8 15. h4 f5 16. exf6 Bxf6 17. h5 Nh8 18. Ng5 Bf5 19. Ndf3 Re8 20. Qd2 h6 21. Qd5+ Be6 22. Nxe6 Qxe6 23. Rb1 Nf7 24. Qxe6 Rxe6 25. Bh4 Rae8 26. Ng1 Nd4 27. Bxf6 gxf6 28. Rh3 Nxe2 29. Nxe2 Rxe2+ 30. Kf1 Ng5 31. Rg3 Kf7 32. f3 Rc2 33. b3 Ree2 34. Kg1 Ke6 35. a4 Kf5 36. a5 Ra2 37. b4 Rab2 38. Rd1 Red2 39. Rf1 Rxb4 40. f4 Ne4 41. Rg6 Rbb2 42. Kh2 Nf2 43. Kg3 Ne4+ 44. Kh2 Ra2 45. Rg1 Rxa5 46. Rxh6 Kxf4 47. Rh8 Kg4 48. h6 Rh5# 0-1